Luyện dịch Việt - Anh
Trích dịch một số bài viết mang tính thời sự liên quan đến các lĩnh vực văn hóa, nghệ thuật, du lịch, điện lực, giao thông công chánh, dược học,...
में बचाया:
| मुख्य लेखक: | |
|---|---|
| स्वरूप: | पुस्तक |
| भाषा: | Undetermined |
| प्रकाशित: |
Đà Nẵng
Nxb. Đà Nẵng
2002
|
| विषय: | |
| टैग : |
टैग जोड़ें
कोई टैग नहीं, इस रिकॉर्ड को टैग करने वाले पहले व्यक्ति बनें!
|
| Thư viện lưu trữ: | Trung tâm Học liệu Trường Đại học Cần Thơ |
|---|
| LEADER | 00798nam a2200205Ia 4500 | ||
|---|---|---|---|
| 001 | CTU_228411 | ||
| 008 | 210402s9999 xx 000 0 und d | ||
| 082 | |a 428.02 | ||
| 082 | |b H401/Q.4 | ||
| 100 | |a Hồ, Văn Hòa | ||
| 245 | 0 | |a Luyện dịch Việt - Anh | |
| 245 | 0 | |c Hồ Văn Hòa | |
| 260 | |a Đà Nẵng | ||
| 260 | |b Nxb. Đà Nẵng | ||
| 260 | |c 2002 | ||
| 520 | |a Trích dịch một số bài viết mang tính thời sự liên quan đến các lĩnh vực văn hóa, nghệ thuật, du lịch, điện lực, giao thông công chánh, dược học,... | ||
| 650 | |a Tiếng Anh,English language | ||
| 650 | |x Dịch thuật,Translating | ||
| 910 | |b nthai | ||
| 980 | |a Trung tâm Học liệu Trường Đại học Cần Thơ | ||